000 00966nam a2200253Ia 4500
003 OSt
005 20220923211128.0
006 a|||||r|||| 00| 0
007 ta
008 220922b |||||||| |||| 00| 0 hin d
020 _a8185073074 (hbk)
_c150
024 _a353,596
037 _b1859, 08/03/2021, Bright Book Service
_cTextual
040 _aARTS
_cARTS
_bhin
041 _2hin
_ahin
082 _aQ23:417, 152N3
100 _aसेठ, रवीन्द्र कुमार, ले.
245 0 _aतमिल शैव - भक्त कवि
_b नायन्मार्
246 _aTamil shaiv - bhakta kavi: nāyanmār
260 _aनई दिल्ली
_b साहित्य शोध संस्थान
_c1993
300 _a192पृ0
_ccm.
942 _hQ23:417, 152N3
_cTEXL
_2CC
999 _c295704
_d295704